Harry Potter - Statut de sang - Statistiques

Statistiques générales
  • Ce quiz a été pris 44 fois
  • Le résultat moyen est 10 sur 15
Statistiques - réponses
Hint Réponse % Correct
Harry Potter Sang-Mêlé
100%
Lord Voldemort Sang-Mêlé
100%
Albus Dumbledore Sang-Mêlé
100%
Ron Weasley Sang-Pur
97%
Neville Londubat Sang-Pur
97%
Sirius Black Sang-Pur
97%
Bellatrix Lestrange Sang-Pur
97%
James Potter Sang-Pur
97%
Argus Rusard Cracmol
51%
Hermione Granger Née-Moldue
27%
Lily Potter Née-Moldue
27%
Mimi Geignarde Née-Moldue
27%
Gabrielle Delacour Vélane
24%
Nymphadora Tonks Sang-Mêlée
11%
Lily Luna Potter Sang-Mêlée
11%
Aucun quiz correspondant
Distribution des résultats
% des personnes avec chaque résultat
Percentile par nombre de réponses
Votre historique - résultats
Vous n’avez pas pris ce quiz